Statistics for 1-10 in Danish, Finnish, Icelandic, Norwegian and Swedish

Click here to take the quiz!

General Stats

  • This quiz has been taken 92 times
  • The average score is 28 of 50

Answer Stats

Answer% Correct
Ni
90%
Ni
90%
Tre
90%
Tre
90%
Tre
90%
Ti
88%
Ti
88%
Fem
85%
Fem
85%
Fem
85%
Én
82%
Sex
79%
Sex
79%
Sju
74%
Sju
74%
Et
69%
Átta
65%
Åtta
65%
To
65%
To
65%
Två
60%
Ett
57%
Fire
54%
Fire
54%
Seks
54%
Seks
54%
Nio
51%
Tio
51%
Fyra
47%
Kaksi
47%
Kolme
47%
Yksi
44%
Neljä
41%
Kahdeksan
40%
Seitsemän
40%
Åtte
38%
Kuusi
38%
Kymmenen
38%
Viisi
38%
Yhdeksän
38%
Otte
32%
Syv
31%
Einn
26%
Sjó
25%
Tveir
22%
Fimm
21%
Níu
21%
Þrír
21%
Tíu
21%
Fjórir
18%

Score Distribution

Percentile by Number Answered

Percent of People with Each Score

Your Score History

You have not taken this quiz